[Event "Crucero op 6th"]
[Site "Crucero"]
[Date "2017.10.28"]
[Round "1.3"]
[White "Aledo Yanguas, David"]
[Black "Artigas Crosas, Ramir"]
[Result "1-0"]
[WhiteElo "1907"]
[BlackElo "1439"]
[PlyCount "84"]
[EventDate "2017.10.28"]
[EventType "swiss"]
[EventRounds "8"]
[EventCountry "ESP"]
[SourceTitle "EXT 2024"]
[Source "ChessBase"]
[SourceDate "2023.10.10"]
[SourceVersion "1"]
[SourceVersionDate "2023.10.10"]
[SourceQuality "1"]

1. e4 e5 2. Bc4 Nf6 3. Nc3 Bc5 4. f4 d6 5. Nf3 Nc6 6. d3 0-0 7. Na4 Na5 8. Nxc5 Nxc4 9. Nb3 Nb6 10. fxe5 dxe5 11. Nxe5 Re8 12. Nf3 Bg4 13. 0-0 Qd6 14. h3 Bh5 15. Bg5 Nbd7 16. Qd2 Qb6+ 17. Be3 Qa6 18. Nfd4 c5 19. Ne2 c4 20. Nbd4 cxd3 21. cxd3 Ne5 22. Nf4 Rac8 23. a4 Nxd3 24. Qxd3 Qxd3 25. Nxd3 Rxe4 26. Rfe1 Nd5 27. Bf2 Ree8 28. Nf4 Nxf4 29. Nf5 Nd3 30. Rxe8+ Rxe8 31. Bxa7 Nxb2 32. Bd4 Nd3 33. Nxg7 Re4 34. Nxh5 Rxd4 35. Rd1 h6 36. Kf1 Kh7 37. g4 Kg6 38. Rxd3 Rxd3 39. Nf4+ Kf6 40. Nxd3 Ke6 41. Nc5+ Kd5 42. Nxb7 Kc6 1-0